000 00297 a2200121 4500
001 146625
040 _cEscola São Tomás de Aquino
100 _aDUPRÉ, Maria José
240 1 0 _aO cachorrinho Samba
_lpor
245 1 0 _aO cachorrinho Samba
697 _a*LITERATURA INFANTO JUVENIL
942 _cBK
999 _c146625
_d146625